| 000 | 00938cam a22003011 4500 | ||
|---|---|---|---|
| 001 | 34528 | ||
| 003 | BD-RjUL | ||
| 005 | 20211209052155.0 | ||
| 008 | 140517s1958 nyua 001 0 eng | ||
| 035 | _a(BD-RjUL)34622 | ||
| 035 | _a(OCoLC)490960 | ||
| 040 |
_aDLC _cODaWU _dBD-RjUL _beng |
||
| 041 | _aeng | ||
| 082 |
_a790 _bNEL 1958 |
||
| 100 | 1 |
_aNeumeyer, Martin Henry, _d1892- _953632 |
|
| 245 | 1 | 0 |
_aLeisure and recreation : _ba study of leisure and recreation in their sociological aspects / _cMartin H. Neumeyer and Esther S. Neumeyer. |
| 250 | _a3rd ed. | ||
| 260 |
_aNew York : _bRonald Press Co., _cc1958. |
||
| 300 |
_avii, 473 p. : _billus. ; _c21 cm. |
||
| 504 | _aIncludes index. | ||
| 650 | 0 |
_aLeisure. _9105026 |
|
| 650 | 0 |
_aRecreation. _9105027 |
|
| 650 | 0 |
_aPlay. _9105028 |
|
| 700 | 1 |
_aNeumeyer, Esther Sternberg, _ejoint author. _953636 |
|
| 942 |
_2ddc _cBK |
||
| 999 |
_c34528 _d34528 |
||